000 00369nam a22001337a 4500
008 230623b xxu||||| |||| 00| 0 eng d
082 _a330.96005
_bJAE 2002
110 _bCentre for the Study of African Economies
245 _aJournal of African Economies
260 _bOxford UNiversity Press
_c2002
300 _a439p
440 _n3
_v11
_x09638024
942 _2ddc
_cBK
999 _c2454
_d2454